1672 1805 1915 1559 1258 1087 1496 1010 1231 1890 1962 1273 1723 1878 1149 1347 1965 1064 1759 1082 1503 1807 1203 1855 1930 1047 1507 1808 1594 1050 1331 1564 1549 1175 1253 1324 1428 1755 1948 1065 1353 1769 1434 1090 1261 1772 1538 1889 1965 1395 1321 1974 1850 1380 1338 1675 1559 1552 1019 1020 1783 1873 1127 1408 1825 1310 1522 1896 1013 1169 1723 1043 1287 1274 1238 1587 1086 1342 1221 1306 1552 1192 1901 1445 1364 1266 1458 1368 1906 1051 1938 1164 1099 1238 1255 1367 1161 1882 1648 BCNSPRNW ULIB Ver.6.0+V

เปลี่ยนเป็นภาษาไทย

Change to English
 แสดงรายละเอียดบรรณานุกรม
  กลับหน้าหลัก

Brief Record : Get Marc (ISO 2709) : E-mail record : QR code < ปิดหน้าต่าง
LEADER : 00000nam 2200000uu 4500
001    13399111014
003     ULIB
008    110614s||||||||th 000 0 tha d
050 04 AC159^bท642น 2546
245 00 นานาสาระสำหรับประชาชน /^cชมรมผู้รับพระราชทานทุนมูลนิธิอานันทมหิดล
260    กรุงเทพฯ :^bโรงพิมพ์กรุงเทพฯ,^c2546
300    259 หน้า :^bภาพประกอบสี ;^c31 ซม
500 0  ชมรมผู้รับพระราชทานทุนมูลนิธิอานันทมหิดล จัดพิมพ์ในวโรกาสสมเด็จพระเทพรัตนราชสุดาฯ สยามบรมราชกุมารี ประธานคณะกรรมการบริหารมูลนิธิอานันทมหิดล ทรงเจริญพระชนมายุ 48 พรรษา วันที่ 2 เมษายน 2546
650  7 รวมเรื่อง
650  7 ภาษาไทย^xภาษาถิ่น
650  7 ชมรมผู้รับพระราชทานทุนมูลนิธิอานันทมหิดล
945    ^p0^l0^i016016
945    ^p0^l0^i016015
995    ทศพร
999 ^a ใช้งานได้ทุกระบบ
รายการนี้ยังไม่มีแท็ก
คุณยังไม่ได้ล็อกอิน คุณสามารถมีกิจกรรมร่วมกับเว็บไซต์ได้ แต่ต้องล็อกอินก่อน ::
  ล็อกอิน

รายการสื่อสารสนเทศ

ลำดับที่ ประเภท เลขเรียก/บาร์โค้ด สถานที่ สถานะ
- ไม่พบข้อมูล -

รายการใกล้เคียง
    หัวเรื่อง [รวมเรื่อง]
    หัวเรื่อง [ชมรมผู้รับพระราชทานทุนมูลนิธิอานันทมหิดล]

BibComment


ยังไม่เคยถูกคอมเมนท์

คอมเมนท์ทรัพยากรรายการนี้
  คอมเมนท์: นานาสาระสำหรับประ..


 Copyright 2026. Bcnsprnw @Library